000 00360nam a2200169Ia 4500
100 _aSunggu Lee
650 _aLogic Design
942 _cBK
366 _f17.5
654 _alogic design
245 _aDigital Logic Design
260 _bCengage Learning
_aMumbai
_c2003
082 _a621.395/SUN
_bSUN
300 _a324
546 _aENGLISH
999 _c32963
_d32963